Statistiques concernant Culture Générale - Série 372

Cliquez ici pour prendre le quiz!

Statistiques générales

  • Ce quiz a été pris 192 fois
  • Le résultat moyen est 8 sur 10

Statistiques - réponses

QuestionRéponse% Correct
Quelle est la capitale des Etats-Unis ?Washington
99%
Qu'appelle-t-on habituellement le "7ème art" ?Le cinéma
96%
Sur quel continent se situe la Guinée-Bissau ?L'Afrique
94%
De quelle ville du Nord les berlingots appelés "bêtises" sont-ils une spécialité ?Cambrai
88%
Dans quelle ville britannique le guitariste des Beatles George Harrison est-il né ?Liverpool
86%
Quel métier rendit célèbre Roland Garros ?Aviateur
81%
Comment s'appellent les petits gâteaux de pâte d'amande, spécialité d'Aix-en-Provence ?Les calissons
76%
Quelle baie comestible peut être rouge, blanche ou à maquereau ?La groseille
65%
Quel chorégraphe a signé la mise en scène des spectacles "Le Roi Soleil" et "Cléopâtre, la dernière reine d’Egypte" ?Kamel Ouali
53%
Quel grand réalisateur français est à l'affiche du film de Steven Spielberg "Rencontres du troisième type" en 1977 ?François Truffaut
39%

Distribution des résultats

Percentile par nombre de réponses

% des personnes avec chaque résultat

Votre développement - résultats

Vous n’avez pas pris ce quiz